[Event "AUTO-OPEN-1067"]
[Site "http://www.queenalice.com/game.php?id=376359"]
[Date "2008.3.24"]
[Round "1"]
[White "negonen"]
[Black "yanpom"]
[Result "0-1"]
[WhiteElo "1100"]
[BlackElo "1890"]

1. e4 e5 2. Nf3 Nc6 3. Bb5 a6 4. Bxc6 dxc6 5. d3 Bd6 6. O-O Bg4 7. Nbd2 Nf6 8.
h3 Bh5 9. b3 Bb4 10. Qe2 Bxd2 11. Bxd2 h6 12. Bc3 Qd6 13. Qe3 O-O 14. Bxe5 Qe7
15. Bxf6 Qxf6 16. d4 Bxf3 17. gxf3 Qg6+ 18. Kh2 f5 19. Rg1 Qf6 20. e5 Qe6 21. f4
Qe7 22. Rg6 Rae8 23. Qg3 Rd8 24. Rxh6 Rxd4 25. Rg6 Rd2 26. c4 Rf7 27. e6 Rf6 28.
a4 Rxe6 29. Rxe6 Qxe6 30. Rg1 Qf6 31. Rg2 Qh6 32. Qe3 Qd6 33. Qe8+ Qf8 34. Qe5
Rd7 35. c5 b5 36. cxb6 cxb6 37. Qe6+ Rf7 38. Qxc6 Qb4 39. Qc8+ Rf8 40. Qc4+ Qxc4
41. bxc4 Rc8 42. Rg5 Rxc4 43. Rxf5 Rxa4 44. Kg3 b5 45. h4 Rb4 46. Rd5 a5 47. Kg4
a4 48. Kg5 Kf7 49. h5 a3 50. f5 a2 51. Rd7+ Ke8 52. Ra7 Ra4 53. Rxg7 a1=Q 54.
Rg8+ Kd7 55. h6 Qg1+ 0-1

[Event "AUTO-OPEN-1067"]
[Site "http://www.queenalice.com/game.php?id=376360"]
[Date "2008.3.24"]
[Round "1"]
[White "yanpom"]
[Black "negonen"]
[Result "1-0"]
[WhiteElo "1845"]
[BlackElo "1100"]

1. e4 e5 2. Nf3 Nc6 3. Bc4 h6 4. d4 d6 5. d5 Nce7 6. h3 c6 7. O-O Bd7 8. Nc3 b5
9. Bb3 Nf6 10. Re1 Qb6 11. Be3 Qb7 12. a3 cxd5 13. exd5 a5 14. Nh2 g5 15. Qf3
Bg7 16. Ne4 Nxe4 17. Qxe4 Bf5 18. Qf3 e4 19. Qg3 Be5 20. f4 exf3 21. Qxf3 Bxb2
22. Rab1 Bxa3 23. Bxg5 hxg5 24. Qxf5 a4 25. Ba2 f6 26. Qxf6 Rh7 27. Qg6+ Rf7 28.
Qxg5 Rc8 29. Ng4 Kf8 30. Qh6+ Ke8 31. Nf6+ Rxf6 32. Qxf6 Rc7 33. Rf1 Qb6+ 34.
Kh1 Rxc2 35. Rbe1 Rc7 36. Qf8+ 1-0

[Event "AUTO-OPEN-1067"]
[Site "http://www.queenalice.com/game.php?id=376361"]
[Date "2008.3.24"]
[Round "1"]
[White "negonen"]
[Black "Mayaune"]
[Result "1-0"]
[WhiteElo "1100"]
[BlackElo "1616"]

1. e4 e5 2. Nf3 f5 3. Nc3 f4 4. d4 d6 5. dxe5 Bg4 6. Bxf4 Bxf3 7. Qxf3 dxe5 8.
Bxe5 Qe7 9. Bg3 Nc6 10. Bb5 O-O-O 11. Bxc6 bxc6 12. O-O Nf6 13. Rfe1 Rd2 14. Re2
Rxe2 15. Nxe2 Nxe4 16. Re1 Nd2 17. Qf4 Ne4 18. Nc3 g5 19. Qg4+ Kb8 20. Nxe4 h6
21. Qd1 Bg7 22. Nc3 Qc5 23. Qd7 Bd4 24. Re8+ Kb7 25. Qxc7+ Ka6 26. Rxh8 Bxh8 27.
Qc8+ Ka5 28. Qxh8 Qe7 29. Qe5+ Qxe5 30. Bxe5 h5 31. a3 g4 32. f3 gxf3 33. gxf3
1-0

[Event "AUTO-OPEN-1067"]
[Site "http://www.queenalice.com/game.php?id=376362"]
[Date "2008.3.24"]
[Round "1"]
[White "Mayaune"]
[Black "negonen"]
[Result "0-1"]
[WhiteElo "1495"]
[BlackElo "1100"]

1. e4 e5 2. Nf3 Nc6 3. Bc4 d6 4. d4 Bg4 5. Nc3 exd4 6. Nd5 Nf6 7. Bg5 Be7 8.
Nxe7 Qxe7 9. Qd3 O-O-O 10. Nxd4 Nxd4 11. Qxd4 c5 12. Qe3 Rde8 13. f3 Bh5 14.
O-O-O Qe5 15. g4 Bg6 16. f4 Qxe4 17. Qxe4 Nxe4 18. Rhe1 f6 19. Bh4 f5 20. gxf5
Bxf5 21. Bd5 Nf6 22. Bxf6 gxf6 23. Rxe8+ Rxe8 24. c3 Re2 25. Bb3 Kc7 26. h4 h5
27. Bd5 Rc2+ 28. Kb1 Rxc3+ 29. Ka1 Rh3 30. Bxb7 Kxb7 31. b3 Rxh4 32. Rxd6 Rxf4
33. Rxf6 Rf3 34. Kb2 Bg4 35. Rh6 a5 36. a4 Rh3 37. Kc2 h4 38. Rg6 Rg3 39. Rh6 h3
40. Kb2 Rg2+ 41. Ka3 h2 42. Rh4 Bd7 43. Rh7 Kc6 44. Rh5 Kd6 45. Rh6+ Be6 46. Rh5
c4 0-1

[Event "AUTO-OPEN-1067"]
[Site "http://www.queenalice.com/game.php?id=376363"]
[Date "2008.3.24"]
[Round "1"]
[White "negonen"]
[Black "faver_154"]
[Result "0-1"]
[WhiteElo "1142"]
[BlackElo "1716"]

1. e4 c6 2. d4 d5 3. exd5 cxd5 4. Nf3 Nf6 5. Bg5 Nc6 6. Bb5 a6 7. Bxc6+ bxc6 8.
O-O Ne4 9. Nbd2 Nxg5 10. Nxg5 e5 11. Qh5 g6 12. Qf3 Qxg5 13. dxe5 Qxd2 14. Qf6
Be6 15. Qxh8 Rb8 16. b3 Rb4 17. Qf6 d4 18. Rfd1 Qc3 19. Rac1 Rb8 20. Qf4 Rd8 21.
Rd3 Qb4 22. h3 c5 23. c3 dxc3 24. Rxd8+ Kxd8 25. Qf6+ Kd7 26. Rd1+ Kc6 27. Qf3+
Kc7 28. Qa8 c2 29. Qd8+ Kb7 30. Rc1 Qc3 31. Qxf8 Qd4 32. Qe7+ Kc6 33. Qd6+ Qxd6
34. exd6 Bf5 35. Kf1 Kxd6 36. Ke2 h5 37. h4 Ke5 38. g3 Kd4 39. Kd2 a5 40. a4 f6
0-1

[Event "AUTO-OPEN-1067"]
[Site "http://www.queenalice.com/game.php?id=376364"]
[Date "2008.3.24"]
[Round "1"]
[White "faver_154"]
[Black "negonen"]
[Result "1-0"]
[WhiteElo "1718"]
[BlackElo "1142"]

1. d4 Nf6 2. c4 d5 3. cxd5 Qxd5 4. Nc3 Qd8 5. e4 e6 6. Nf3 Bb4 7. Qa4+ Nc6 8.
Bb5 Bd7 9. Bxc6 Bxc3+ 10. bxc3 Bxc6 11. Qb4 Nxe4 12. Be3 a5 13. Qb2 O-O 14. O-O
b5 15. Ne5 Qd5 16. Nxc6 Qxc6 17. Rac1 Nd6 18. Qe2 Nc4 19. Bg5 Qd5 20. Be7 Rfe8
21. Bh4 Nd6 22. f3 Nc4 23. Bg3 c5 24. dxc5 Qxc5+ 25. Bf2 Qe5 26. Qxe5 Nxe5 27.
Rfd1 Nc4 28. Rd7 Rab8 29. Rcd1 Kf8 30. Bc5+ Kg8 31. Ba7 Rbc8 32. Kf2 Ne5 33. Rb7
Nc6 34. Be3 b4 35. cxb4 axb4 36. Rdd7 Ne5 37. Rd1 Rc2+ 38. Kg3 Rxa2 39. Rxb4
Raa8 40. Rbd4 1-0

[Event "Desafio 01"]
[Site "http://www.queenalice.com/game.php?id=376415"]
[Date "2008.3.24"]
[Round "-"]
[White "negonen"]
[Black "Jac"]
[Result "0-1"]
[WhiteElo "1100"]
[BlackElo "1847"]

1. e4 e5 2. Nf3 Nf6 3. Nc3 Bc5 4. h3 Nc6 5. Bd3 O-O 6. O-O d6 7. a4 Nd4 8. Nxd4
Bxd4 9. Nd5 Nxd5 10. exd5 Qg5 11. c3 Bb6 12. Bb5 Bxh3 13. g3 Bxf1 14. Kxf1 e4
15. b4 Qxd5 16. Qg4 Qe5 17. d4 Qe6 18. Qxe6 fxe6 19. Bd7 e5 20. d5 Bxf2 21. Kg2
e3 22. Bb2 e2 23. Be6+ Kh8 24. c4 e1=Q 25. Rxe1 Bxe1 26. g4 Bxb4 27. Kg3 Rf4 28.
Bc1 Rxc4 29. Bg5 Be1+ 30. Kg2 Rxa4 31. Kf1 Bc3 32. Ke2 Rf8 33. Kd3 Ra3 34. Be7
Rf3+ 35. Kc2 Bd4 36. Bd8 Rf2+ 37. Kb1 Ra1# 0-1

[Event "Desafio 01"]
[Site "http://www.queenalice.com/game.php?id=376416"]
[Date "2008.3.24"]
[Round "-"]
[White "negonen"]
[Black "Jac"]
[Result "0-1"]
[WhiteElo "1100"]
[BlackElo "1898"]

1. e4 b6 2. d4 Bb7 3. Nc3 d6 4. Nf3 g6 5. Be3 Bg7 6. Bd3 Nf6 7. O-O O-O 8. Bg5
Nc6 9. d5 Ne5 10. Nxe5 dxe5 11. Bxf6 Bxf6 12. Qf3 e6 13. dxe6 fxe6 14. Rad1 Qe7
15. Rfe1 Rad8 16. Nb5 a6 17. Nc3 c5 18. Rd2 Bg5 19. Qe2 Bxd2 20. Qxd2 c4 21. Qh6
cxd3 22. cxd3 Rxd3 23. f3 Qb4 24. Qc1 Rfd8 25. a3 Qc5+ 26. Kh1 Rd1 27. Rxd1
Rxd1+ 28. Qxd1 Qc4 29. Qd8+ Kg7 30. Qd7+ Kf6 31. h3 Bc6 32. Qxh7 Qf1+ 33. Kh2
Qa1 34. Qh4+ Kg7 35. Qe7+ Kh6 36. Qxe6 Bb5 37. Nxb5 axb5 38. Qxb6 Qxb2 39. Kg3
Kh5 40. Qf6 Kh6 41. Kg4 Qxg2+ 42. Kh4 Kh7 43. Qxe5 Qxf3 44. Qxb5 Qxe4+ 45. Kg5
Qg2+ 46. Kf4 Qxh3 47. Qb7+ Kh6 48. Qb4 Qh4+ 49. Ke3 Qxb4 50. axb4 g5 51. Kf3 Kh5
52. b5 Kh4 53. Ke4 g4 54. Kf4 Kh3 55. b6 g3 56. Kf3 g2 57. b7 g1=Q 58. b8=Q Qh1+
59. Kf4 Qh2+ 0-1

[Event "Desafio 02"]
[Site "http://www.queenalice.com/game.php?id=376418"]
[Date "2008.3.24"]
[Round "-"]
[White "Jac"]
[Black "negonen"]
[Result "1-0"]
[WhiteElo "1822"]
[BlackElo "1100"]

1. e4 e5 2. Nc3 Bb4 3. Nd5 Qh4 4. Nxc7+ Kd8 5. Nxa8 Qxe4+ 6. Ne2 Nf6 7. c3 Bc5
8. d3 Bxf2+ 9. Kxf2 Ng4+ 10. Ke1 Qg6 11. Qd2 Nc6 12. Qg5+ Qxg5 13. Bxg5+ Nf6 14.
Bxf6+ gxf6 15. Kd2 d5 16. Rd1 Rg8 17. g3 Bg4 18. h3 Bxe2 19. Bxe2 Kd7 20. Bg4+
Ke7 21. Nc7 1-0

[Event "AUTO-OPEN-1069"]
[Site "http://www.queenalice.com/game.php?id=377235"]
[Date "2008.3.26"]
[Round "1"]
[White "Fischercat"]
[Black "negonen"]
[Result "1-0"]
[WhiteElo "1750"]
[BlackElo "1100"]

1. e4 e5 2. Nf3 Nc6 3. Bb5 d6 4. c3 Bg4 5. h3 Bh5 6. O-O Qd7 7. d4 exd4 8. cxd4
d5 9. Bxc6 Qxc6 10. Qe2 O-O-O 11. e5 Re8 12. Nbd2 Nf6 13. Qe3 Bb4 14. Qb3 Bxd2
15. exf6 Bxc1 16. Raxc1 Qxf6 17. Qxd5 Bxf3 18. gxf3 Rd8 19. Qc5 Rd7 20. Qxa7
Rdd8 21. Qa8+ Kd7 22. Qxb7 Rhe8 23. Qxc7+ Ke6 24. Rc6+ 1-0

[Event "AUTO-OPEN-1069"]
[Site "http://www.queenalice.com/game.php?id=377236"]
[Date "2008.3.26"]
[Round "1"]
[White "negonen"]
[Black "Fischercat"]
[Result "0-1"]
[WhiteElo "1100"]
[BlackElo "1805"]

1. e4 e5 2. Nf3 d6 3. d4 Bg4 4. Be2 Nc6 5. dxe5 Bxf3 6. Bxf3 Nxe5 7. Nc3 c6 8.
O-O Be7 9. Bf4 Bf6 10. Bxe5 Bxe5 11. Qd3 Nf6 12. Rad1 O-O 13. Na4 b5 14. Nc3 a5
15. b3 Qc7 16. Ne2 d5 17. exd5 Rad8 18. Ng3 Nxd5 19. Bxd5 Rxd5 20. Qf3 Rfd8 21.
Rxd5 Rxd5 22. a3 g6 23. c3 Qd6 24. Qg4 Bxg3 25. hxg3 Rd3 26. Re1 Rxc3 27. Re8+
Kg7 28. Qc8 Qc5 29. Re3 b4 30. axb4 axb4 31. Qe8 Qd5 32. g4 Rxb3 33. Rxb3 Qxb3
34. Qxc6 Qc3 35. Qxc3+ bxc3 0-1

[Event "AUTO-OPEN-1069"]
[Site "http://www.queenalice.com/game.php?id=377257"]
[Date "2008.3.26"]
[Round "1"]
[White "RIrons"]
[Black "negonen"]
[Result "1-0"]
[WhiteElo "1843"]
[BlackElo "1100"]

1. Nf3 d5 2. c4 Nf6 3. cxd5 Nxd5 4. d4 Bg4 5. e4 Nb6 6. Be3 e6 7. Be2 Bb4+ 8.
Nc3 Bxf3 9. Bxf3 Bxc3+ 10. bxc3 O-O 11. O-O Nc4 12. Bf4 c6 13. Be2 Nb6 14. a4
N6d7 15. e5 c5 16. Bd3 cxd4 17. cxd4 Nc6 18. Qh5 g6 19. Qh6 Nxd4 20. Bg5 Qc7 21.
Bf6 Nxf6 22. exf6 Nf5 23. Bxf5 1-0

[Event "AUTO-OPEN-1069"]
[Site "http://www.queenalice.com/game.php?id=377258"]
[Date "2008.3.26"]
[Round "1"]
[White "negonen"]
[Black "RIrons"]
[Result "0-1"]
[WhiteElo "1100"]
[BlackElo "1870"]

1. e4 c5 2. Nc3 Nc6 3. Qf3 Nf6 4. Bb5 Nd4 5. Qd3 Nxb5 6. Nxb5 d6 7. Nf3 Bd7 8.
a4 g6 9. O-O a6 10. Nc3 b6 11. e5 dxe5 12. Nxe5 Bg7 13. Nxd7 Nxd7 14. b3 O-O 15.
Bb2 Nf6 16. Qxd8 Rfxd8 17. d3 Nd5 18. Nd1 e5 19. Ne3 Rab8 20. Nxd5 Rxd5 21. Rae1
Re8 22. f4 e4 23. Bxg7 Kxg7 24. dxe4 Rd2 25. Rf2 Red8 26. e5 h5 27. g3 Kf8 28.
Ree2 Rxe2 29. Rxe2 Ke7 30. Kf2 Ke6 31. h3 b5 32. axb5 axb5 33. Ke3 Rd1 34. c4
Rb1 35. cxb5 Rxb3+ 36. Ke4 Rb4+ 37. Kd3 Rxb5 38. Rc2 Rb3+ 39. Kc4 Rxg3 40. Kxc5
Rxh3 41. Rf2 Rh4 42. Kd4 Kf5 43. Ke3 Rg4 44. Rf3 h4 0-1

[Event "AUTO-OPEN-1069"]
[Site "http://www.queenalice.com/game.php?id=377269"]
[Date "2008.3.26"]
[Round "1"]
[White "Tessaro"]
[Black "negonen"]
[Result "1-0"]
[WhiteElo "1797"]
[BlackElo "1100"]

1. e4 e5 2. Nf3 Nc6 3. Bb5 Qf6 4. Nc3 Bc5 5. Nd5 Qd8 6. d3 Nf6 7. Bxc6 bxc6 8.
Nxf6+ Qxf6 9. Bg5 Qd6 10. O-O O-O 11. Re1 Qe6 12. Be3 Bxe3 13. Rxe3 Bb7 14. d4
d6 15. dxe5 dxe5 16. Qe2 Rad8 17. Rd1 Qxa2 18. Ra3 Rxd1+ 19. Qxd1 Qxb2 20. Rxa7
f6 21. h3 c5 22. Nd2 Rd8 23. Qg4 Qc1+ 24. Nf1 Rb8 25. Rxb7 Ra8 26. Qe6+ Kf8 27.
Rxc7 1-0

[Event "AUTO-OPEN-1069"]
[Site "http://www.queenalice.com/game.php?id=377270"]
[Date "2008.3.26"]
[Round "1"]
[White "negonen"]
[Black "Tessaro"]
[Result "1-0"]
[WhiteElo "1100"]
[BlackElo "1734"]

1. e4 c6 2. Bc4 d5 3. exd5 cxd5 4. Bb5+ Bd7 5. Nc3 e6 6. Nf3 Bxb5 7. Nxb5 Nf6 8.
c3 Qb6 9. Nbd4 Nc6 10. Qa4 Bd6 11. Nxc6 bxc6 12. O-O O-O 13. Nd4 c5 14. Ne2 Rfb8
15. d3 a5 16. Qc2 a4 17. Rb1 Qc7 18. g3 h6 19. b3 a3 20. Be3 e5 21. f4 exf4 22.
Bxf4 Bxf4 23. Nxf4 Ng4 24. Nxd5 Qe5 25. c4 Qd4+ 26. Kh1 Ne3 27. Nxe3 Qxe3 28.
Qf2 Qxf2 29. Rxf2 Rd8 30. Rf3 Rd7 31. Re1 Rad8 32. Ree3 Rd4 33. Kg2 g5 34. h3
1-0

[Event "Challenge"]
[Site "http://www.queenalice.com/game.php?id=403321"]
[Date "2008.5.15"]
[Round "-"]
[White "Jac"]
[Black "negonen"]
[Result "1-0"]
[WhiteElo "1931"]
[BlackElo "1100"]

1. e4 e5 2. Nf3 a6 3. Bc4 Nc6 4. d3 Nf6 5. Ng5 Nd4 6. Nc3 d6 7. Nxf7 Qe7 8. Nxh8
Bd7 9. Bg5 b5 10. Bf7+ Kd8 11. Nd5 Bg4 12. f3 Qd7 13. fxg4 c6 14. Nxf6 gxf6 15.
Bxf6+ Be7 16. Bxe7+ Kxe7 17. O-O Rxh8 18. Bh5 Ne6 19. Rf7+ Kd8 20. Rxd7+ Kxd7
21. Qf3 Nf4 22. g3 Nxh5 23. Qf7+ Kc8 24. gxh5 a5 25. Qa7 Rd8 26. Qa8+ Kd7 27.
Qxa5 Rh8 28. Rf1 Re8 29. Rf7+ Re7 30. Qa7+ Kc8 31. Rf8+ 1-0

[Event "Challenge"]
[Site "http://www.queenalice.com/game.php?id=403322"]
[Date "2008.5.15"]
[Round "-"]
[White "negonen"]
[Black "Jac"]
[Result "0-1"]
[WhiteElo "1100"]
[BlackElo "1880"]

1. e4 e5 2. Nf3 d5 3. Nc3 dxe4 4. Nxe4 Bg4 5. Bb5+ Nc6 6. O-O Nf6 7. Nxf6+ Qxf6
8. Bxc6+ Qxc6 9. d4 O-O-O 10. Bg5 Rxd4 11. Nxd4 exd4 12. Qxg4+ Kb8 13. Qxd4 Qd6
14. Qxd6 Bxd6 15. Rad1 f6 16. Rxd6 cxd6 17. Bh4 Kc8 18. Bg3 Rd8 19. c4 d5 20. c5
Kd7 21. b4 Kc6 22. Re1 g5 23. a3 f5 24. Rd1 f4 25. Rd3 Re8 26. Bxf4 Re1# 0-1

[Event "Challenge"]
[Site "http://www.queenalice.com/game.php?id=403323"]
[Date "2008.5.15"]
[Round "-"]
[White "negonen"]
[Black "Jac"]
[Result "0-1"]
[WhiteElo "1100"]
[BlackElo "1962"]

1. e4 e5 2. Nf3 Nc6 3. Be2 Bc5 4. d4 exd4 5. Nxd4 Bxd4 6. O-O Qf6 7. Bb5 Bxb2 8.
Bxb2 Qxb2 9. Nd2 Qxb5 10. Nb3 d6 11. Qf3 Nf6 12. Rae1 O-O 13. Re3 Bg4 14. Qg3
Be2 15. Rxe2 Qxe2 16. Qd3 Qh5 17. c4 Qg6 18. Rd1 Nxe4 19. Re1 Rae8 20. Kf1 Ng5
0-1

[Event "Challenge"]
[Site "http://www.queenalice.com/game.php?id=403324"]
[Date "2008.5.15"]
[Round "-"]
[White "Jac"]
[Black "negonen"]
[Result "1-0"]
[WhiteElo "1971"]
[BlackElo "1100"]

1. Nc3 Nf6 2. Nf3 g6 3. d4 Bg7 4. e4 d5 5. e5 Ne4 6. Bd2 Nxd2 7. Qxd2 Bf5 8.
O-O-O Nc6 9. Bb5 O-O 10. Bxc6 bxc6 11. Kb1 Be4 12. Qe3 Bxf3 13. Qxf3 Rb8 14. h4
Rb4 15. g4 e6 16. h5 g5 17. Rd3 Qe7 18. h6 c5 19. hxg7 Kxg7 20. Qh3 f6 21. Qxh7#
1-0

[Event "Challenge"]
[Site "http://www.queenalice.com/game.php?id=422709"]
[Date "2008.6.25"]
[Round "-"]
[White "negonen"]
[Black "rafalcoforado"]
[Result "0-1"]
[WhiteElo "1142"]
[BlackElo "1369"]

1. e4 d6 2. d4 e5 3. dxe5 dxe5 4. Nf3 Nc6 5. Bb5 Qd7 6. Qxd7+ Bxd7 7. Bxc6 Bxc6
8. Nc3 Bb4 9. Bd2 Nf6 10. O-O-O Ng4 0-1